00685cam a2200169 a 45000010009000000050017000090080041000260200015000670500022000821000018001042450085001222600033002073000035002406500043002758560091003188560106004091262680020250506115425.0011221s2001 enka 001 0 eng  a074943620400aHD30.4b.F44 20011 aFee, Kenneth.12aA guide to management development techniques :bwhat to use when /cKenneth Fee. aLondon :bKogan Page,c2001. axiii, 178 p. :bill. ;c24 cm. 0aExecutivesxTraining ofvCase studies.423Publisher descriptionuhttp://www.loc.gov/catdir/enhancements/fy0715/2001279227-d.html423Contributor biographical informationuhttp://www.loc.gov/catdir/enhancements/fy0903/2001279227-b.html